Films de Jason Statham par véhicule conduit - Statistiques

Statistiques générales
  • Ce quiz a été pris 26 fois
    4 depuis la dernière actualisation
  • Le résultat moyen est 6 sur 20
Statistiques - réponses
Par images Réponse % Correct
Course à la mort
100%
Le Transporteur
100%
Le Transporteur 2
100%
Le Transporteur 3
100%
Expendables 3
67%
Fast and Furious 8
67%
Joker
67%
Braquage à l'italienne
50%
Fast and Furious 10
50%
Homefront
50%
Expendables 4
33%
Operation Fortune: Ruse de guerre
33%
Parker
33%
Un homme en colère
33%
Blitz
0%
Braquage à l'anglaise
0%
Crazy Joe
0%
En eaux troubles
0%
Expendables 2 : Unité spéciale
0%
Expendables : Unité spéciale
0%
Fast and Furious 7
0%
Fast and Furious: Hobbs and Shaw
0%
Hyper Tension
0%
Killer Elite
0%
Le Flingueur
0%
Mechanic: Resurrection
0%
Revolver
0%
Rogue : L'Ultime Affrontement
0%
Safe
0%
Snatch
0%
The Beekeeper
0%
The One
0%
Aucun quiz correspondant
Distribution des résultats
% des personnes avec chaque résultat
Percentile par nombre de réponses
Votre historique - résultats
Vous n’avez pas pris ce quiz depuis la dernière actualisation